<?xml version="1.0" encoding="UTF-8"?>
<record
    xmlns:xsi="http://www.w3.org/2001/XMLSchema-instance"
    xsi:schemaLocation="http://www.loc.gov/MARC21/slim http://www.loc.gov/standards/marcxml/schema/MARC21slim.xsd"
    xmlns="http://www.loc.gov/MARC21/slim">

  <leader>01923nam a2200181Ia 4500</leader>
  <controlfield tag="008">230822s9999    xx            000 0 und d</controlfield>
  <datafield tag="020" ind1=" " ind2=" ">
    <subfield code="a">97890042988599004298851</subfield>
  </datafield>
  <datafield tag="041" ind1=" " ind2=" ">
    <subfield code="a">eng</subfield>
  </datafield>
  <datafield tag="050" ind1=" " ind2=" ">
    <subfield code="a">BS2900.H5 </subfield>
    <subfield code="b">.G78 2015</subfield>
  </datafield>
  <datafield tag="100" ind1=" " ind2=" ">
    <subfield code="a">Grundeken, Mark </subfield>
  </datafield>
  <datafield tag="245" ind1=" " ind2="0">
    <subfield code="a">Community building in the "Shepherd of Hermas" :</subfield>
    <subfield code="b">a critical study of some key aspects /</subfield>
    <subfield code="c">Mark Grundeken</subfield>
  </datafield>
  <datafield tag="260" ind1=" " ind2=" ">
    <subfield code="a">Leiden ; Boston : </subfield>
    <subfield code="b">E. J. Brill, </subfield>
    <subfield code="c">2015</subfield>
  </datafield>
  <datafield tag="300" ind1=" " ind2=" ">
    <subfield code="a">vi, 235 p.</subfield>
    <subfield code="b">;</subfield>
    <subfield code="c">25 cm.</subfield>
  </datafield>
  <datafield tag="490" ind1=" " ind2=" ">
    <subfield code="a">Supplements to Vigiliae Christianae:  </subfield>
    <subfield code="v">131</subfield>
  </datafield>
  <datafield tag="505" ind1=" " ind2=" ">
    <subfield code="a">Preface; Introduction; 1 Research Problem; 2 Research Question and Methodology; 3 The Present Study; 1Jewish Christianity; 1 Continuity; 2 Differentiation; 2Resurrection Belief; 1 Resurrection, Angelic Afterlife, or Ascension of the Soul to Heaven?; 2 A Continued Existence; 3Sectarianism; 1 Difference: Unconventional Views on the Conventional Family; 2 Antagonism: Hermas' Horizon; 3 Separation: Group Boundaries; 4 Type of Sectarianism; 4The Roman Empire; 1 Hermas and the Authorities; 2 Hermas and the Emperor Cult; Concluding Remarks; 5Women; 1 Sexuality; 2 Female Visibility. 3 Gender RolesConcluding Remarks; 6"Charity"; 1 Charity as Pious Duty in the Self-Interest of the Giver; 7Baptism and Metanoia; 1 Baptism; 2 Metanoia; Concluding Remarks; 8Community Meals; 1 Vision 3,9; 2 Similitude 9,11; 3 The Lord's Supper as a Real (Filling) Meal; Concluding Remarks; 9The Sunday Collection; 1 Frequency, Day and Occasion; 2 Personal Help; 3 Give and Take; Concluding Remarks; 10Dancing (and Singing); 1 Dancing in a Christian Gathering; 2 Parallels; 3 Meaning; Concluding Remarks; 11The "Holy Kiss"; 1 A Welcoming Kiss of Honour; 2 A Kiss with Ritual Connotations. Concluding RemarksGeneral Conclusions; Bibliography; Index of Ancient Sources; Index of Modern Authors. &#x200E;</subfield>
  </datafield>
  <datafield tag="650" ind1=" " ind2=" ">
    <subfield code="a">Hermas, active 2nd century. Shepherd.Communities--Religious aspects--Christianity.</subfield>
  </datafield>
  <datafield tag="952" ind1=" " ind2=" ">
    <subfield code="0">0</subfield>
    <subfield code="1">0</subfield>
    <subfield code="4">0</subfield>
    <subfield code="7">0</subfield>
    <subfield code="a">GETS</subfield>
    <subfield code="b">GETS</subfield>
    <subfield code="c"> GEN</subfield>
    <subfield code="d">2023-08-23</subfield>
    <subfield code="g">24.50</subfield>
    <subfield code="l">0</subfield>
    <subfield code="o">BS2900.H5 .G78 2015</subfield>
    <subfield code="p">00027104</subfield>
    <subfield code="r">2023-08-23 00:00:00</subfield>
    <subfield code="w">2023-08-23</subfield>
    <subfield code="y">BK</subfield>
  </datafield>
  <datafield tag="999" ind1=" " ind2=" ">
    <subfield code="c">44637</subfield>
    <subfield code="d">44637</subfield>
  </datafield>
</record>
